000 00513nam a22001817a 4500
005 20251108171048.0
008 250721s1991 xx 000 0 ara d
082 1 4 _aم/ط/810.9/حنا
100 1 _aالفاخوري، حنا
245 1 0 _aالموجز في الأدب العربي وتاريخه /
250 _aط5
264 1 _aبيروت :
_bدار الجيل،
_c1991.
300 _a4 مج
650 1 7 _aالأدب العربي
650 1 7 _aتاريخ ونقد
942 _2ddc
_cBK
999 _c55635
_d55635